[Event "Skopje U2200 op"]
[Site "Skopje"]
[Date "2017.12.09"]
[Round "5"]
[White "Toncheva, Nadya"]
[Black "Dragojevic, Leon"]
[Result "1-0"]
[WhiteElo "1797"]
[BlackElo "1886"]
[PlyCount "41"]
[EventDate "2017.12.07"]
[EventType "swiss"]
[EventRounds "7"]
[EventCountry "MKD"]
[SourceTitle "CBM 182 Extra"]
[Source "ChessBase"]
[SourceDate "2018.02.23"]
[SourceVersion "1"]
[SourceVersionDate "2018.02.23"]
[SourceQuality "1"]

1. d4 e5 2. dxe5 Nc6 3. Nf3 Qe7 4. Bf4 Qb4+ 5. Nc3 Qxf4 6. Nd5 Qa4 7. Nxc7+ Kd8 8. Nxa8 b6 9. c3 Qa5 10. e6 fxe6 11. Qd2 h6 12. Qf4 Bb4 13. cxb4 Qxb4+ 14. Qxb4 Nxb4 15. Rc1 Nc6 16. e3 Bb7 17. Nxb6 axb6 18. Be2 Nf6 19. 0-0 g5 20. Rfd1 Ke7 21. Bb5 1-0

[Event "Belgrade-ch sf"]
[Site "Belgrade"]
[Date "2017.01.26"]
[Round "4"]
[White "Dragojevic, Leon"]
[Black "Stojanovic, Srdjan"]
[Result "0-1"]
[WhiteElo "1898"]
[BlackElo "1708"]
[PlyCount "54"]
[EventDate "2017.01.23"]
[EventType "swiss"]
[EventRounds "7"]
[EventCountry "SRB"]
[SourceTitle "CBM 176 Extra"]
[Source "ChessBase"]
[SourceDate "2017.03.02"]
[SourceVersion "1"]
[SourceVersionDate "2017.03.02"]
[SourceQuality "1"]

1. e4 c6 2. Ne2 d5 3. e5 Bf5 4. d4 e6 5. c3 c5 6. Be3 Qb6 7. Qd2 Nc6 8. h4 h6 9. h5 cxd4 10. cxd4 Nb4 11. Nec3 Nc2+ 12. Kd1 Nxa1 13. Bb5+ Kd8 14. Ba4 Bxb1 15. Nxb1 Bb4 16. Nc3 Qa5 17. Bg5+ Ne7 18. Qf4 hxg5 19. Qxf7 Bxc3 20. b3 b5 21. Qxg7 Kd7 22. h6 bxa4 23. h7 axb3 24. Rh6 bxa2 25. Rxe6 Qa4+ 26. Ke2 Qc2+ 27. Kf3 Qf5+ 0-1

[Event "Belgrade-ch sf"]
[Site "Belgrade"]
[Date "2017.01.23"]
[Round "1"]
[White "Ivic, Velimir"]
[Black "Dragojevic, Leon"]
[Result "1-0"]
[WhiteElo "2286"]
[BlackElo "1898"]
[PlyCount "75"]
[EventDate "2017.01.23"]
[EventType "swiss"]
[EventRounds "7"]
[EventCountry "SRB"]
[SourceTitle "CBM 176 Extra"]
[Source "ChessBase"]
[SourceDate "2017.03.02"]
[SourceVersion "1"]
[SourceVersionDate "2017.03.02"]
[SourceQuality "1"]

1. e4 d5 2. exd5 Qxd5 3. Nc3 Qa5 4. g3 Nf6 5. Bg2 c6 6. h3 Bf5 7. Nf3 e6 8. 0-0 Be7 9. d3 0-0 10. Nh4 Nbd7 11. Bd2 Bg6 12. Nd5 Qd8 13. Nxe7+ Qxe7 14. Nxg6 hxg6 15. b4 Nd5 16. Rb1 Rac8 17. c4 N5f6 18. Be3 b6 19. Qe2 Rfd8 20. a4 c5 21. b5 Ne8 22. a5 Nd6 23. g4 Rc7 24. Ra1 Nb7 25. axb6 axb6 26. Ra7 Rb8 27. Bf4 e5 28. Bg3 g5 29. Bd5 Kh8 30. Re1 f6 31. h4 gxh4 32. g5 g6 33. gxf6 Qxf6 34. Bxe5 Nxe5 35. Qxe5 Qxe5 36. Rxe5 Rg7 37. Re4 g5 38. Re6 1-0

[Event "SRB-chT3 East CS"]
[Site "Kladovo"]
[Date "2016.10.16"]
[Round "11.45"]
[White "Brankovan, Mario"]
[Black "Dragojevic, Leon"]
[Result "1-0"]
[WhiteElo "1858"]
[BlackElo "1874"]
[PlyCount "127"]
[EventDate "2016.09.04"]
[EventType "team-tourn"]
[EventRounds "11"]
[EventCountry "SRB"]
[SourceTitle "EXT 2021"]
[Source "ChessBase"]
[SourceDate "2020.10.23"]
[SourceVersion "1"]
[SourceVersionDate "2020.10.23"]
[SourceQuality "1"]

1. d4 g6 2. Nf3 c6 3. Bf4 Bg7 4. c3 d6 5. e4 Nd7 6. Qc2 Ngf6 7. Nbd2 0-0 8. Bd3 Re8 9. 0-0 e5 10. Bg5 h6 11. Bh4 g5 12. Bg3 Nh5 13. Nc4 Qe7 14. Ne3 Ndf6 15. dxe5 dxe5 16. Bxe5 Nxe4 17. Bxg7 Nxg7 18. Rfe1 Nd6 19. Ng4 Bxg4 20. Rxe7 Rxe7 21. Re1 Rxe1+ 22. Nxe1 Re8 23. Kf1 Be6 24. Qa4 a6 25. Qb4 Rd8 26. a4 Rd7 27. Qc5 Bd5 28. Nc2 Ne6 29. Qe3 Nf4 30. Ne1 Rd8 31. Qe7 Ne6 32. Qf6 h5 33. Qh6 Bc4 34. Qh7+ Kf8 35. g3 Bxd3+ 36. Nxd3 Ke7 37. Ne5 Kf6 38. Nf3 Nf5 39. Qxh5 Rd1+ 40. Ke2 Rb1 41. Qh8+ Nfg7 42. b4 Rb2+ 43. Nd2 Ke7 44. Qb8 Nd8 45. Kd3 Nge6 46. Ne4 f5 47. Qd6+ Kf7 48. Qd7+ Kg6 49. Qe8+ Kg7 50. Qe7+ Nf7 51. Qf6+ Kf8 52. Qxf5 Ned8 53. Nxg5 Rb1 54. Kd2 Rb2+ 55. Kd3 Rb1 56. Ne4 Rd1+ 57. Nd2 Re1 58. Ne4 Rd1+ 59. Kc2 Rd5 60. Qf6 Ke8 61. g4 b6 62. g5 Kd7 63. g6 Nh6 64. Qg7+ 1-0

[Event "SRB-chT2 West"]
[Site "Vrnjacka Banja"]
[Date "2013.10.13"]
[Round "6"]
[White "Dragojevic, Leon"]
[Black "Djordjev, Bojan"]
[Result "1/2-1/2"]
[WhiteElo "1923"]
[BlackElo "2141"]
[PlyCount "30"]
[EventDate "2013.10.10"]
[EventType "team-tourn"]
[EventRounds "8"]
[EventCountry "SRB"]
[SourceTitle "EXT 2014"]
[Source "ChessBase"]
[SourceDate "2013.11.20"]
[SourceVersion "1"]
[SourceVersionDate "2013.11.20"]
[SourceQuality "1"]

1. e4 c5 2. d4 cxd4 3. c3 e6 4. Nf3 d5 5. e5 Qb6 6. cxd4 Bd7 7. Nc3 Ne7 8. Bd3 Ng6 9. 0-0 Be7 10. Rb1 Nc6 11. a3 Rc8 12. Na4 Qd8 13. Be3 0-0 14. b4 b6 15. Qb3 Qe8 1/2-1/2

[Event "Senta op-B 13th"]
[Site "Senta"]
[Date "2009.07.22"]
[Round "6"]
[White "Juhasz, Barbara"]
[Black "Dragojevic, Leon"]
[Result "0-1"]
[WhiteElo "1871"]
[BlackElo "1935"]
[PlyCount "112"]
[EventDate "2009.07.18"]
[EventType "swiss"]
[EventRounds "9"]
[EventCountry "YUG"]
[SourceTitle "EXT 2012"]
[Source "ChessBase"]
[SourceDate "2011.11.24"]
[SourceVersion "1"]
[SourceVersionDate "2011.11.24"]
[SourceQuality "1"]

1. e4 d5 2. exd5 Qxd5 3. Nc3 Qa5 4. d4 Nf6 5. Nf3 c6 6. Bc4 Bf5 7. 0-0 e6 8. Qe2 Nbd7 9. Bd2 Qc7 10. d5 cxd5 11. Nxd5 Nxd5 12. Bxd5 Bd6 13. Bc3 0-0 14. Be4 Bg4 15. h3 Bxf3 16. Bxf3 Rac8 17. Rad1 Rfd8 18. Bxb7 Rb8 19. Be4 Nc5 20. Bd4 e5 21. Bxc5 Bxc5 22. c3 Re8 23. b4 Be7 24. Qf3 g6 25. Bd5 Bg5 26. b5 Re7 27. c4 Kg7 28. Qg4 Bf6 29. Bc6 Qa5 30. Qe2 h5 31. Rd5 a6 32. Rfd1 axb5 33. cxb5 Ra7 34. R1d2 Qc3 35. Qe4 Bg5 36. Re2 Re7 37. Qc2 Qb4 38. Rdxe5 Rxe5 39. Rxe5 Bf6 40. Re4 Qd6 41. a4 Rd8 42. Qe2 Bd4 43. a5 Qc5 44. g3 Rd6 45. Qf3 g5 46. Re2 Rf6 47. Qxh5 Bxf2+ 48. Kg2 Be3 49. Bf3 Qc1 50. Rxe3 Qxe3 51. a6 Rd6 52. Be2 Rd2 53. Kf1 Ra2 54. Qg4 f5 55. Qc4 Ra1+ 56. Kg2 Rg1+ 0-1

[Event "Senta op-B 12th"]
[Site "Senta"]
[Date "2008.07.24"]
[Round "8"]
[White "Dragojevic, Leon"]
[Black "Agoston, Adam"]
[Result "1-0"]
[WhiteElo "1931"]
[BlackElo "1852"]
[PlyCount "99"]
[EventDate "2008.07.18"]
[EventType "swiss"]
[EventRounds "9"]
[EventCountry "YUG"]
[SourceTitle "CBM 125 Extra"]
[Source "ChessBase"]
[SourceDate "2008.09.01"]
[SourceVersion "1"]
[SourceVersionDate "2008.09.01"]
[SourceQuality "1"]

1. e4 e5 2. Nf3 Nc6 3. Bb5 a6 4. Ba4 Nf6 5. d3 b5 6. Bb3 Be7 7. c3 0-0 8. Nbd2 d6 9. Nf1 Re8 10. Ng3 Na5 11. 0-0 c5 12. Bc2 Bf8 13. Ng5 h6 14. Nf3 Nc6 15. Nh4 Nxe4 16. Nxe4 Qxh4 17. Qf3 Bg4 18. Nf6+ Qxf6 19. Qxg4 Ne7 20. f4 exf4 21. Rxf4 Qg6 22. Qf3 Ra7 23. Bd2 Nc8 24. Rg4 Qh7 25. Rc1 g6 26. Bb3 h5 27. Rf4 Ree7 28. Rh4 Bh6 29. Rd1 Bxd2 30. Rxd2 Qh6 31. Rf4 Re1+ 32. Kf2 Ree7 33. g3 Qg5 34. Kg2 Qe5 35. Rf2 Qg7 36. Qc6 Rec7 37. Qe8+ Qf8 38. Qe3 Re7 39. Qf3 Qg7 40. g4 hxg4 41. Qxg4 Rac7 42. Qh3 Nb6 43. Rf6 c4 44. Rxd6 Nd7 45. dxc4 bxc4 46. Ba4 Nf8 47. Rxa6 Qe5 48. Qg3 Qd5+ 49. Kg1 Qd1+ 50. Bxd1 1-0